[Event "FICGS W-ch st2 g01 email"]
[Site "FICGS email"]
[Date "2021.07.13"]
[Round "1"]
[White "Ludgate, Alan"]
[Black "Osipov, Sergey"]
[Result "1/2-1/2"]
[WhiteElo "2451"]
[BlackElo "2143"]
[PlyCount "52"]
[EventDate "2021.??.??"]
[EventType "tourn (corr)"]
[EventRounds "8"]
[SourceTitle "Corr 2022"]
[Source "ChessBase"]
[SourceDate "2021.10.24"]
[SourceVersion "1"]
[SourceVersionDate "2021.10.24"]
[SourceQuality "1"]

1. c4 e6 2. g3 Nf6 3. Bg2 d5 4. Nf3 dxc4 5. Qa4+ Bd7 6. Qxc4 c5 7. Ne5 Qc8 8. Nxd7 Qxd7 9. 0-0 Be7 10. Nc3 Nc6 11. d3 Rc8 12. a4 0-0 13. a5 Rfd8 14. Qa4 Nd4 15. Be3 Ng4 16. Qxd7 Rxd7 17. Bxd4 cxd4 18. Nb5 a6 19. Na3 Ne5 20. f4 Ng4 21. Rfc1 Rdc7 22. Rxc7 Rxc7 23. Nc4 Ne3 24. Nxe3 dxe3 25. Bf3 Bf6 26. Rb1 g6 1/2-1/2

[Event "FICGS W-ch st2 g01 email"]
[Site "FICGS email"]
[Date "2021.07.13"]
[Round "1"]
[White "Mirra, Theodore"]
[Black "Osipov, Sergey"]
[Result "1/2-1/2"]
[WhiteElo "2206"]
[BlackElo "2143"]
[PlyCount "74"]
[EventDate "2021.??.??"]
[EventType "tourn (corr)"]
[EventRounds "8"]
[SourceTitle "Corr 2022"]
[Source "ChessBase"]
[SourceDate "2021.10.24"]
[SourceVersion "1"]
[SourceVersionDate "2021.10.24"]
[SourceQuality "1"]

1. d4 e6 2. e4 d5 3. Nc3 Nf6 4. e5 Nfd7 5. f4 c5 6. Nf3 Nc6 7. Be3 a6 8. Ne2 Qb6 9. Qc1 Be7 10. c3 0-0 11. h4 f6 12. h5 h6 13. Rh3 Rf7 14. Rg3 Qa5 15. Qd2 Nb6 16. b3 Nd7 17. f5 Nf8 18. Bxh6 cxd4 19. exf6 Bxf6 20. cxd4 Qxd2+ 21. Kxd2 exf5 22. Re1 Bd8 23. Kd1 Bc7 24. Nf4 Bd7 25. Ne5 Nxe5 26. dxe5 Re8 27. Nxd5 Bxe5 28. Rge3 gxh6 29. Rxe5 Rxe5 30. Rxe5 Kg7 31. Bc4 Be6 32. Ke2 Rd7 33. Ne3 Kf6 34. Ra5 Rg7 35. Bxe6 Kxe6 36. Kf3 Rg5 37. Kf4 Rxh5 1/2-1/2

[Event "FICGS W-ch st2 g01 email"]
[Site "FICGS email"]
[Date "2021.07.13"]
[Round "1"]
[White "Osipov, Sergey"]
[Black "Denisov, Timofey"]
[Result "1/2-1/2"]
[WhiteElo "2143"]
[BlackElo "2126"]
[PlyCount "131"]
[EventDate "2021.??.??"]
[EventType "tourn (corr)"]
[EventRounds "8"]
[SourceTitle "Corr 2022"]
[Source "ChessBase"]
[SourceDate "2021.10.24"]
[SourceVersion "1"]
[SourceVersionDate "2021.10.24"]
[SourceQuality "1"]

1. e4 c5 2. Nf3 d6 3. d4 cxd4 4. Nxd4 Nf6 5. Nc3 a6 6. Be3 e6 7. f3 b5 8. Qd2 Nbd7 9. 0-0-0 h5 10. a3 Bb7 11. Kb1 Be7 12. Be2 Rc8 13. Rhg1 Qc7 14. Bg5 Qa5 15. Nb3 Qc7 16. Nd4 Qa5 17. Bf4 Qb6 18. Nb3 Ne5 19. h3 h4 20. g4 hxg3 21. Bxg3 Kf8 22. h4 Nh5 23. Bh2 Kg8 24. Rh1 Ba8 25. Bg1 Qc7 26. Bh2 Qb6 27. Bg1 Qc7 28. Bh2 Rd8 29. Nd4 Bf6 30. Rhg1 Qc5 31. f4 Nc4 32. Bxc4 Qxc4 33. f5 b4 34. axb4 e5 35. Nf3 Qxb4 36. Nd5 Qxd2 37. Rxd2 Kf8 38. Ng5 Be7 39. c4 a5 40. Ka2 Nf6 41. Bg3 a4 42. Nxe7 Kxe7 43. c5 dxc5 44. Rxd8 Rxd8 45. Bxe5 Rd3 46. Re1 Bc6 47. Bb8 Nd7 48. Bc7 Rd4 49. e5 Rxh4 50. Bd6+ Ke8 51. Nxf7 Bd5+ 52. Kb1 Kxf7 53. e6+ Ke8 54. exd7+ Kxd7 55. Bxc5 Be4+ 56. Ka2 Bxf5 57. Ka3 Kc6 58. Bb4 Bc2 59. Re2 Bb3 60. Rg2 Rh1 61. Bc3 Kb5 62. Rg5+ Kc4 63. Rg4+ Kb5 64. Rg5+ Kc4 65. Rg4+ Kb5 66. Rg5+ 1/2-1/2

[Event "FICGS W-ch st2 g01 email"]
[Site "FICGS email"]
[Date "2021.07.13"]
[Round "1"]
[White "Osipov, Sergey"]
[Black "Lubas, Jozef"]
[Result "1/2-1/2"]
[WhiteElo "2143"]
[BlackElo "2228"]
[PlyCount "23"]
[EventDate "2021.??.??"]
[EventType "tourn (corr)"]
[EventRounds "8"]
[SourceTitle "Corr 2022"]
[Source "ChessBase"]
[SourceDate "2021.10.24"]
[SourceVersion "1"]
[SourceVersionDate "2021.10.24"]
[SourceQuality "1"]

1. d4 Nf6 2. c4 e6 3. Nf3 d5 4. Nc3 Bb4 5. Bg5 h6 6. Bxf6 Qxf6 7. e3 0-0 8. Rc1 dxc4 9. Bxc4 c5 10. 0-0 cxd4 11. Nxd4 Bd7 12. Ne4 1/2-1/2

[Event "FICGS class A 000247 email"]
[Site "FICGS email"]
[Date "2021.05.13"]
[Round "1"]
[White "Dyson, John"]
[Black "Osipov, Sergey"]
[Result "0-1"]
[WhiteElo "2113"]
[BlackElo "2159"]
[PlyCount "34"]
[EventDate "2021.??.??"]
[EventType "tourn (corr)"]
[EventRounds "6"]
[SourceTitle "Corr 2022"]
[Source "ChessBase"]
[SourceDate "2021.10.24"]
[SourceVersion "1"]
[SourceVersionDate "2021.10.24"]
[SourceQuality "1"]

1. Nf3 Nf6 2. c4 e6 3. d4 d5 4. Nc3 c6 5. e3 Nbd7 6. Qc2 Bd6 7. Bd3 0-0 8. 0-0 dxc4 9. Bxc4 a6 10. e4 e5 11. Rd1 Qc7 12. h3 b5 13. Bf1 Re8 14. Be3 Bb7 15. dxe5 Nxe5 16. Nd4 Ng6 17. Nf5 Bh2+ 0-1

[Event "FICGS class A 000247 email"]
[Site "FICGS email"]
[Date "2021.05.13"]
[Round "1"]
[White "Osipov, Sergey"]
[Black "Chronopoulos, Antonis"]
[Result "1/2-1/2"]
[WhiteElo "2159"]
[BlackElo "2058"]
[PlyCount "84"]
[EventDate "2021.??.??"]
[EventType "tourn (corr)"]
[EventRounds "6"]
[SourceTitle "Corr 2022"]
[Source "ChessBase"]
[SourceDate "2021.10.24"]
[SourceVersion "1"]
[SourceVersionDate "2021.10.24"]
[SourceQuality "1"]

1. d4 Nf6 2. c4 e6 3. Nf3 d5 4. Nc3 c6 5. Bg5 h6 6. Bh4 dxc4 7. e4 g5 8. Bg3 b5 9. Be2 Bb7 10. h4 g4 11. Ne5 Nbd7 12. Nxd7 Qxd7 13. Be5 Qe7 14. b3 cxb3 15. axb3 Bg7 16. Qd2 0-0 17. Qf4 c5 18. Nxb5 Nxe4 19. Bxg7 Kxg7 20. f3 a6 21. Nc7 Rac8 22. Nxa6 Nc3 23. Nxc5 e5 24. Qxg4+ Kh8 25. Qd7 Qf6 26. Qxb7 exd4 27. Ne4 Nxe4 28. Qxe4 Rfe8 29. Qd3 Rc3 30. Qb5 Re5 31. Ra6 Qf5 32. Qb8+ Rc8 33. Qb4 Rxe2+ 34. Kxe2 Rc2+ 35. Kf1 Qd3+ 36. Kg1 Qe3+ 37. Kh2 Qe5+ 38. Kh3 Qf5+ 39. Kh2 Qf4+ 40. Kh3 Qf5+ 41. Kh2 Qf4+ 42. Kh3 Qf5+ 1/2-1/2

[Event "FICGS rapid A 000269 email"]
[Site "FICGS email"]
[Date "2021.05.13"]
[Round "1"]
[White "Wiaderek, Piotr"]
[Black "Osipov, Sergey"]
[Result "1/2-1/2"]
[WhiteElo "2098"]
[BlackElo "2159"]
[PlyCount "50"]
[EventDate "2021.??.??"]
[EventType "tourn (rapid)"]
[EventRounds "6"]
[SourceTitle "Corr 2022"]
[Source "ChessBase"]
[SourceDate "2021.10.24"]
[SourceVersion "1"]
[SourceVersionDate "2021.10.24"]
[SourceQuality "1"]

1. d4 Nf6 2. Nf3 e6 3. c4 b6 4. g3 Ba6 5. b3 Bb4+ 6. Bd2 Be7 7. Bg2 c6 8. Bc3 d5 9. Nbd2 Nbd7 10. 0-0 0-0 11. Re1 c5 12. e4 dxe4 13. Nxe4 Bb7 14. Nfg5 cxd4 15. Bxd4 Nxe4 16. Nxe4 Qc7 17. Qe2 Rad8 18. Rad1 h6 19. Bb2 Bxe4 20. Qxe4 a5 21. Qe2 Nf6 22. Be5 Qc8 23. Bf3 Rxd1 24. Rxd1 Rd8 25. Kg2 Rxd1 1/2-1/2

[Event "FICGS class A 000246 email"]
[Site "FICGS email"]
[Date "2021.05.01"]
[Round "1"]
[White "Osipov, Sergey"]
[Black "Wiaderek, Piotr"]
[Result "1/2-1/2"]
[WhiteElo "2093"]
[BlackElo "2000"]
[PlyCount "61"]
[EventDate "2021.??.??"]
[EventType "tourn (corr)"]
[EventRounds "6"]
[SourceTitle "Corr 2022"]
[Source "ChessBase"]
[SourceDate "2021.10.24"]
[SourceVersion "1"]
[SourceVersionDate "2021.10.24"]
[SourceQuality "1"]

1. d4 Nf6 2. c4 e6 3. Nf3 d5 4. Nc3 dxc4 5. e4 Bb4 6. Bg5 h6 7. Bxf6 Qxf6 8. Bxc4 Bxc3+ 9. bxc3 c5 10. 0-0 0-0 11. Re1 cxd4 12. cxd4 Nc6 13. Rc1 Bd7 14. Qd2 Rac8 15. h4 Rfd8 16. Qe3 Qe7 17. d5 Na5 18. Bd3 exd5 19. exd5 Qxe3 20. fxe3 Kf8 21. e4 Rxc1 22. Rxc1 Rc8 23. Rxc8+ Bxc8 24. Kf2 f6 25. Ke3 Ke7 26. Kf4 g5+ 27. Ke3 gxh4 28. Nxh4 Bd7 29. Kd4 Kd6 30. Ng6 Be8 31. Nh4 1/2-1/2

[Event "FICGS W-ch st1 g02 email"]
[Site "FICGS email"]
[Date "2020.11.05"]
[Round "1"]
[White "Osipov, Sergey"]
[Black "Mach, Jiri"]
[Result "1-0"]
[WhiteElo "2053"]
[BlackElo "1843"]
[PlyCount "103"]
[EventDate "2020.??.??"]
[EventType "tourn (corr)"]
[EventRounds "8"]
[SourceTitle "Corr 2022"]
[Source "ChessBase"]
[SourceDate "2021.10.24"]
[SourceVersion "1"]
[SourceVersionDate "2021.10.24"]
[SourceQuality "1"]

1. d4 d5 2. c4 e6 3. Nc3 Nf6 4. cxd5 exd5 5. Bg5 c6 6. e3 h6 7. Bh4 Be7 8. Qc2 0-0 9. Bd3 Re8 10. Nge2 Nbd7 11. 0-0 Ne4 12. Bxe7 Qxe7 13. Bxe4 dxe4 14. h3 Nf6 15. Rfd1 b6 16. Rac1 Ba6 17. Rd2 Bb7 18. a3 Ba6 19. Qa4 Qb7 20. Nf4 Rac8 21. Re1 g5 22. Nfe2 Nd5 23. Ng3 Bd3 24. Qd1 Qe7 25. Nxd5 cxd5 26. f4 gxf4 27. Qg4+ Qg5 28. exf4 Qxg4 29. hxg4 Re6 30. Nf5 b5 31. Kf2 b4 32. axb4 Rb8 33. Rh1 Kh7 34. g5 Rxb4 35. Ne3 Kg7 36. gxh6+ Kh7 37. g4 Rxh6 38. Rxh6+ Kxh6 39. g5+ Kg6 40. Kg3 f6 41. gxf6 Rxd4 42. Ng4 Kf7 43. Kh4 e3 44. Rxd3 e2 45. Rxd4 e1Q+ 46. Kg5 Qh1 47. Rb4 d4 48. Rxd4 Qg1 49. Rd7+ Kg8 50. Rd3 Qg2 51. b4 Qg1 52. Kf5 1-0

[Event "FICGS W-ch st2 g03 email"]
[Site "FICGS email"]
[Date "2019.08.03"]
[Round "1"]
[White "Osipov, Sergey"]
[Black "Kireev, Sergey Ivanovich"]
[Result "1/2-1/2"]
[WhiteElo "1952"]
[BlackElo "2336"]
[PlyCount "112"]
[EventDate "2019.??.??"]
[EventType "tourn (corr)"]
[EventRounds "8"]
[SourceTitle "Corr 2022"]
[Source "ChessBase"]
[SourceDate "2021.10.24"]
[SourceVersion "1"]
[SourceVersionDate "2021.10.24"]
[SourceQuality "1"]

1. e4 e5 2. Nf3 Nc6 3. Bc4 Bc5 4. c3 Nf6 5. d3 d6 6. 0-0 h6 7. b4 Bb6 8. a4 a5 9. b5 Ne7 10. Nbd2 0-0 11. d4 Ng6 12. Re1 Re8 13. Qb3 Be6 14. Bxe6 Rxe6 15. d5 Re8 16. h3 Nd7 17. Qc2 Qf6 18. Nc4 Bc5 19. Ne3 Ne7 20. c4 Rf8 21. Kh2 Rac8 22. Rb1 Bb4 23. Rd1 Nc5 24. Nf1 Kh7 25. Ng3 Ng6 26. Nh5 Qd8 27. Be3 Qe7 28. Ng3 Nh4 29. Nxh4 Qxh4 30. Rf1 g6 31. f4 Nd7 32. Ne2 exf4 33. Rxf4 Qe7 34. Rbf1 Rce8 35. Bc1 Bc5 36. Qc3 Ne5 37. Ng3 f6 38. Ne2 Kg8 39. Bb2 b6 40. Qg3 Kh7 41. Qc3 Rf7 42. Nc1 Nd7 43. Ne2 Rff8 44. Qc1 Ne5 45. Qc3 Rf7 46. Qb3 f5 47. Kh1 Ref8 48. exf5 Rxf5 49. Rxf5 Rxf5 50. Rxf5 gxf5 51. Qc2 Qg5 52. Bc1 Qg6 53. Nf4 Qg3 54. Qxf5+ Kh8 55. Qc8+ Kh7 56. Qxc7+ Kg8 1/2-1/2

[Event "FICGS W-ch st1 g07 email"]
[Site "FICGS email"]
[Date "2018.11.01"]
[Round "1"]
[White "Osipov, Sergey"]
[Black "Rivenburg, John"]
[Result "1-0"]
[WhiteElo "1853"]
[BlackElo "1020"]
[PlyCount "23"]
[EventDate "2018.??.??"]
[EventType "tourn (corr)"]
[EventRounds "8"]
[SourceTitle "Corr 2022"]
[Source "ChessBase"]
[SourceDate "2021.10.24"]
[SourceVersion "1"]
[SourceVersionDate "2021.10.24"]
[SourceQuality "1"]

1. e4 c5 2. Nf3 d6 3. d4 cxd4 4. Nxd4 Nf6 5. Nc3 a6 6. f3 e6 7. Be3 b5 8. Qd2 Bb7 9. a4 b4 10. Na2 a5 11. Bb5+ Nbd7 12. 0-0 1-0

[Event "FICGS W-ch st1 g08 email"]
[Site "FICGS email"]
[Date "2018.03.23"]
[Round "1"]
[White "Krakovsky, Peter"]
[Black "Osipov, Sergey"]
[Result "0-1"]
[WhiteElo "1807"]
[BlackElo "1796"]
[PlyCount "64"]
[EventDate "2018.??.??"]
[EventType "tourn (corr)"]
[EventRounds "8"]
[SourceTitle "Corr 2022"]
[Source "ChessBase"]
[SourceDate "2021.10.24"]
[SourceVersion "1"]
[SourceVersionDate "2021.10.24"]
[SourceQuality "1"]

1. e4 c5 2. Nf3 d6 3. d4 cxd4 4. Nxd4 Nf6 5. Nc3 a6 6. Bg5 e6 7. Qf3 h6 8. Be3 e5 9. Nb3 Be7 10. h3 b5 11. Bd3 Bb7 12. 0-0 0-0 13. a4 b4 14. Ne2 d5 15. Ng3 Nbd7 16. exd5 Re8 17. Nf5 Bxd5 18. Qe2 Bb7 19. Nxe7+ Rxe7 20. Rfe1 Nd5 21. Bd2 Qc7 22. f3 a5 23. Rad1 Bc6 24. Ra1 Nf8 25. c3 bxc3 26. bxc3 Ree8 27. Bc2 Rab8 28. Qf2 Ne6 29. Nc5 Nxc5 30. Qxc5 Qb6 31. Qxb6 Nxb6 32. Bb3 Rbd8 0-1

[Event "FICGS W-ch st1 g06 email"]
[Site "FICGS email"]
[Date "2017.07.01"]
[Round "1"]
[White "Osipov, Sergey"]
[Black "Vollmer, Steve"]
[Result "0-1"]
[WhiteElo "1927"]
[BlackElo "1524"]
[PlyCount "52"]
[EventDate "2017.??.??"]
[EventType "tourn (corr)"]
[EventRounds "8"]
[SourceTitle "Corr 2022"]
[Source "ChessBase"]
[SourceDate "2021.10.24"]
[SourceVersion "1"]
[SourceVersionDate "2021.10.24"]
[SourceQuality "1"]

1. d4 Nf6 2. c4 e6 3. Nf3 b6 4. g3 Bb7 5. Bg2 c5 6. d5 exd5 7. cxd5 d6 8. e4 Be7 9. 0-0 0-0 10. Re1 Nbd7 11. a4 a6 12. Na3 Qc7 13. Nd2 Ne5 14. Qc2 Rac8 15. f4 Ned7 16. Qd1 c4 17. Ndxc4 b5 18. axb5 axb5 19. Ne3 Qc5 20. b4 Qxb4 21. Rb1 Qa5 22. Nf5 Rfe8 23. Nxb5 Rc2 24. Qxc2 Qxe1+ 25. Bf1 Qxe4 26. Nc7 Qxc2 0-1

[Event "FICGS class A 000170 email"]
[Site "FICGS email"]
[Date "2016.04.04"]
[Round "1"]
[White "Osipov, Sergey"]
[Black "Fierry Fraillon, David"]
[Result "0-1"]
[WhiteElo "2032"]
[BlackElo "2030"]
[PlyCount "48"]
[EventDate "2016.??.??"]
[EventType "tourn (corr)"]
[EventRounds "6"]
[SourceTitle "Corr 2022"]
[Source "ChessBase"]
[SourceDate "2021.10.24"]
[SourceVersion "1"]
[SourceVersionDate "2021.10.24"]
[SourceQuality "1"]

1. d4 Nf6 2. Nf3 g6 3. c4 Bg7 4. Nc3 d5 5. cxd5 Nxd5 6. e4 Nxc3 7. bxc3 c5 8. Rb1 0-0 9. Be2 cxd4 10. cxd4 Qa5+ 11. Bd2 Qxa2 12. 0-0 b6 13. Qc1 Qe6 14. Re1 Bb7 15. Bc4 Qc8 16. Bh6 Nd7 17. Rb3 Ba6 18. Bxg7 Kxg7 19. Bxa6 Qxa6 20. Qb2 Kg8 21. h4 Rfc8 22. h5 Qc4 23. Rbe3 Qa4 24. hxg6 hxg6 0-1

[Event "FICGS class C 000238 email"]
[Site "FICGS email"]
[Date "2016.02.14"]
[Round "1"]
[White "Duttagupta, Aniruddha"]
[Black "Osipov, Sergey"]
[Result "1/2-1/2"]
[WhiteElo "1816"]
[BlackElo "1978"]
[PlyCount "63"]
[EventDate "2016.??.??"]
[EventType "tourn (corr)"]
[EventRounds "1"]
[SourceTitle "Corr 2022"]
[Source "ChessBase"]
[SourceDate "2021.10.24"]
[SourceVersion "1"]
[SourceVersionDate "2021.10.24"]
[SourceQuality "1"]

1. c4 Nf6 2. g3 e6 3. Bg2 d5 4. Nf3 dxc4 5. Na3 Bxa3 6. bxa3 0-0 7. Bb2 c5 8. Qc2 Nbd7 9. 0-0 Qc7 10. a4 Rd8 11. Rfd1 b6 12. Qxc4 Bb7 13. d3 Bc6 14. e4 Re8 15. Qc2 e5 16. Rab1 Rad8 17. Rdc1 h6 18. Bc3 Nh7 19. a5 b5 20. Bd2 Nhf8 21. d4 exd4 22. Nxd4 Ne6 23. Nxc6 Qxc6 24. a4 b4 25. Bxb4 Nd4 26. Qb2 Qa6 27. Bf1 Qg6 28. Bxc5 Nf3+ 29. Kg2 Nh4+ 30. Kg1 Nf3+ 31. Kg2 Nh4+ 32. Kg1 1/2-1/2

[Event "FICGS class C 000235 email"]
[Site "FICGS email"]
[Date "2015.12.13"]
[Round "1"]
[White "Osipov, Sergey"]
[Black "Green, Jonathan"]
[Result "1-0"]
[WhiteElo "1904"]
[BlackElo "1980"]
[PlyCount "107"]
[EventDate "2015.??.??"]
[EventType "tourn (corr)"]
[EventRounds "1"]
[SourceTitle "Corr 2022"]
[Source "ChessBase"]
[SourceDate "2021.10.24"]
[SourceVersion "1"]
[SourceVersionDate "2021.10.24"]
[SourceQuality "1"]

1. d4 Nf6 2. c4 e6 3. Nc3 Bb4 4. Nf3 Ne4 5. Qc2 f5 6. Nd2 0-0 7. Ndxe4 fxe4 8. Qxe4 c5 9. a3 d5 10. Qc2 Ba5 11. dxc5 d4 12. b4 dxc3 13. bxa5 Qxa5 14. Be3 Bd7 15. Bd4 Na6 16. Bxc3 Qd8 17. g3 Bc6 18. f3 Nxc5 19. Bg2 Qc7 20. 0-0 e5 21. Rab1 Rfe8 22. Bb4 Ne6 23. e3 a5 24. Bc3 Qd6 25. Qb2 Nc5 26. Rfd1 Qe7 27. Qa2 Rf8 28. e4 Rf7 29. Qa1 Re8 30. Bxa5 Ba4 31. Rd5 Bc6 32. Bb4 Bxd5 33. cxd5 b6 34. Qc3 Qf6 35. Qe3 Na6 36. Bd2 Nc5 37. Rf1 Ra7 38. Rc1 Qh6 39. Qxh6 gxh6 40. Rc3 h5 41. Bh3 h4 42. gxh4 Kf7 43. h5 Rea8 44. Bc1 Ke7 45. Bf5 Kd6 46. Kg2 Rf8 47. Kg3 Rc7 48. Bd2 Rg8+ 49. Bg4 Ra8 50. Re3 Rf7 51. Bb4 Kc7 52. Kh4 Rg8 53. Rc3 Kd6 54. Rc1 1-0

[Event "FICGS rapid B 000223 email"]
[Site "FICGS email"]
[Date "2015.01.16"]
[Round "1"]
[White "Schiller, Wilfried"]
[Black "Osipov, Sergey"]
[Result "0-1"]
[WhiteElo "1717"]
[BlackElo "1758"]
[PlyCount "42"]
[EventDate "2015.??.??"]
[EventType "tourn (rapid)"]
[EventRounds "6"]
[SourceTitle "Corr 2022"]
[Source "ChessBase"]
[SourceDate "2021.10.24"]
[SourceVersion "1"]
[SourceVersionDate "2021.10.24"]
[SourceQuality "1"]

1. d4 d5 2. c4 e6 3. Nf3 Nf6 4. Nc3 Be7 5. Bf4 0-0 6. Rc1 Nbd7 7. cxd5 exd5 8. e3 c6 9. h3 Ne4 10. Bd3 Ndf6 11. 0-0 Bf5 12. Na4 Nd7 13. Qc2 Bg6 14. Rfd1 Bd6 15. Qb3 Bxf4 16. exf4 Rb8 17. Ne5 Qe7 18. Re1 Nxe5 19. dxe5 b5 20. Nc5 Nxc5 21. Rxc5 Qxc5 0-1

[Event "FICGS W-ch st1 g09 email"]
[Site "FICGS email"]
[Date "2012.02.12"]
[Round "1"]
[White "Osipov, Sergey"]
[Black "Kastidis, Gerd"]
[Result "1-0"]
[WhiteElo "1349"]
[BlackElo "1914"]
[PlyCount "35"]
[EventDate "2012.??.??"]
[EventType "tourn (corr)"]
[EventRounds "8"]
[SourceTitle "Corr 2022"]
[Source "ChessBase"]
[SourceDate "2021.10.24"]
[SourceVersion "1"]
[SourceVersionDate "2021.10.24"]
[SourceQuality "1"]

1. d4 Nf6 2. c4 e6 3. Nc3 Bb4 4. f3 0-0 5. a3 Bxc3+ 6. bxc3 b6 7. e4 Ba6 8. Bg5 h6 9. Bh4 g5 10. Bf2 Nc6 11. h4 Na5 12. hxg5 hxg5 13. Bd3 Nh7 14. e5 f5 15. exf6 Nxf6 16. f4 gxf4 17. Rh6 Rf7 18. Bh4 1-0

[Event "FICGS W-ch st1 g09 email"]
[Site "FICGS email"]
[Date "2012.01.01"]
[Round "1"]
[White "Pereira, Nilson"]
[Black "Osipov, Sergey"]
[Result "1/2-1/2"]
[WhiteElo "1833"]
[BlackElo "1349"]
[PlyCount "138"]
[EventDate "2012.??.??"]
[EventType "tourn (corr)"]
[EventRounds "8"]
[SourceTitle "Corr 2022"]
[Source "ChessBase"]
[SourceDate "2021.10.24"]
[SourceVersion "1"]
[SourceVersionDate "2021.10.24"]
[SourceQuality "1"]

1. e4 c5 2. Nf3 d6 3. d4 cxd4 4. Nxd4 Nf6 5. Nc3 a6 6. Be3 Ng4 7. Bg5 h6 8. Bh4 g5 9. Bg3 Bg7 10. h3 Ne5 11. Nf5 Bxf5 12. exf5 Nbc6 13. Nd5 0-0 14. Be2 e6 15. fxe6 fxe6 16. Ne3 d5 17. 0-0 Ng6 18. Bg4 Qe7 19. c3 Rad8 20. Qb3 Nf4 21. Rae1 Ne5 22. Nc2 Nxg4 23. hxg4 h5 24. gxh5 Nxh5 25. Re3 Nxg3 26. Rxg3 Be5 27. Rg4 Rf7 28. Ne1 Rh7 29. Nf3 Bf6 30. Qc2 Rg7 31. Nd4 Qd7 32. Rg3 b5 33. Re1 e5 34. Rf3 Rf8 35. Nf5 Rh7 36. Ng3 e4 37. Rf5 Bd8 38. Rxf8+ Kxf8 39. Qd2 Rf7 40. Qd4 Bc7 41. Rd1 Qe6 42. Qc5+ Ke8 43. Qxd5 Qxd5 44. Rxd5 e3 45. Rd3 exf2+ 46. Kf1 g4 47. Ne2 Bb6 48. Rd6 Bc5 49. Rc6 Ba7 50. Nd4 b4 51. Rxa6 bxc3 52. bxc3 g3 53. Rg6 Bb8 54. Rg8+ Rf8 55. Rxf8+ Kxf8 56. a4 Ke8 57. a5 Kd7 58. a6 Kc7 59. a7 Bxa7 60. Ne2 Kc6 61. Nxg3 Kd5 62. Ke2 Kc4 63. Ne4 f1Q+ 64. Kxf1 Kd3 65. Nd6 Bc5 66. Nb7 Be3 67. Nd6 Kxc3 68. Ke2 Bf4 69. Nf5 Kc4 1/2-1/2